| 000 | 01281nam a2200241Ia 4500 | ||
|---|---|---|---|
| 001 | 18685 | ||
| 003 | GE_BSU | ||
| 008 | 181216s||||||||xx |||||||||||||| ||und|| | ||
| 040 | _cGE_BSU | ||
| 245 | _aსაპატრიარქოს უწყებანი.24-30 ნოემბერი №36 (825) 2016. | ||
| 245 | _bპატრიარქის ქადაგება,ქრონიკა, ინფორმაცია და სხვა. | ||
| 245 | _cრედ:დეკანოზი დავით შარაშენიძე და სხვა. | ||
| 250 | _aაქართველოს საპატრიარქოს პრესცენტრის ყოველკვირეული გამოცემა | ||
| 260 | _aთბილისი | ||
| 260 | _bსაქართველოს საპატრიარქო | ||
| 260 | _c2016 | ||
| 300 | _a20გვ;30სმ. | ||
| 520 | _aგარეკანზე ფოტო.კათოლიკოს პატრიარქ ილია II -ის ვიზიტი მოსკოვში. | ||
| 653 | _aპერიოდიკა | ||
| 653 | _aრელიგია | ||
| 653 | _aსაპატრიარქოს უწყებანი. | ||
| 942 | _cCR | ||
| 999 |
_c51694 _d51694 |
||